Every Song by Glass Animals by Lyric - Statistics

General Stats
  • This quiz has been taken 3 times
  • The average score is 29 of 53
Answer Stats
Hint Answer % Correct
Cash in hand with a memory of you Creatures in Heaven
100%
Usually I put something on TV Heat Waves
100%
I guess I want you more than I thought Helium
100%
Whispers would deafen me now It’s All So Incredibly Loud
100%
She’s broken but she’s fun Season 2 Episode 3
100%
As we make our way through the universe Show Pony
100%
Doom, Quake, where’d you get the gun Space Ghost Coast to Coast
100%
You’re a clever clever cookie now Waterfalls Coming Out Your Mouth
100%
I’m lost but I don’t know why Agnes
67%
What’ll it be now, Mr. Mole? Black Mambo
67%
On my knees, go to Hawaii Domestic Bliss
67%
Too much of the digital love Dreamland
67%
Those peanut butter vibes Gooey
67%
I don’t wanna be around you Hot Sugar
67%
And it’s deep and inside ya How I Learned To Love The Bomb
67%
We were good once, but I fucked up now I Don’t Wanna Talk (I Just Wanna Dance)
67%
Save me now and close the door Lost in the Ocean
67%
I can’t do this anymore Melon and the Coconut
67%
I shit the bed anyway On the Run
67%
Footsteps in your wet dress Pork Soda
67%
Agave, açaí, activated whey protein Premade Sandwiches
67%
Ramen noodles and laughing at you Tangerine
67%
I settle for a ghost The Other Side of Paradise
67%
You’re so much more than I deserve White Roses
67%
Just a little bit dappy Youth
67%
Stretch me like leather rope A Tear in Space (Airlock)
33%
Burn through my love Cane Shuga
33%
The way that I feel Cocoa Hooves
33%
Eager eyes in the milky haze Dust In Your Pocket
33%
Slit his tongue with one fast hand Exxus
33%
The one with the smoking stare Flip
33%
See his red, righteous soul Golden Antlers
33%
You know I’m just a boy Hazey
33%
Walk the room like you’re on fire Holiest
33%
And then you stumble home I Can’t Make You Fall In Love Again
33%
Gone inside of the wild zabajaba Intruxx
33%
Take my hand, let us fall JDNT
33%
Sipping codeine Coca-Cola Life Itself
33%
Sick and tired of the crazy law Lose Control
33%
Your favorite Cheshire grin Mama’s Gun
33%
Put the flowers in your hair Pools
33%
She prowled with Mr. Keats Poplar St
33%
Chrome up his old truck Psylla
33%
You live in my daydreams Take a Slice
33%
One more thing for you Toes
33%
Get loose, street fighter, tear it up Tokyo Drifting
33%
I know you get off everytime you get me Vampire Bat
33%
Say with me this tiny rhyme Walla Walla
33%
Do something whatthehellishappening?
33%
I’m trying to stop, but I still love you Wonderful Nothing
33%
Can we place a bet? Woozy
33%
Lemon peel, now suck it Wyrd
33%
It’s a hit and run, you go back there Your Love (Déjà Vu)
33%
No matching quizzes found
Score Distribution
Percent of People with Each Score
Percentile by Number Answered
Your Score History
You have not taken this quiz